Soil Science/ (Record no. 208193)

MARC details
000 -LEADER
fixed length control field 00582nam a22002057a 4500
005 - DATE AND TIME OF LATEST TRANSACTION
control field 20250108115453.0
010 ## - LCCN (DPL NO)
LC control number ENG-143236
020 ## - INTERNATIONAL STANDARD BOOK NUMBER
International Standard Book Number 9789386078940
Terms of availability 1100.00
035 ## - SYSTEM CONTROL NUMBER
System control number EN-126768
037 ## - SOURCE OF ACQUISITION
Source of stock number/acquisition DBAD
082 ## - DEWEY DECIMAL CLASSIFICATION NUMBER
Classification number 941.405
100 ## - MAIN ENTRY--PERSONAL NAME
Personal name Harendra Singh
245 ## - TITLE STATEMENT
Title Soil Science/
Statement of responsibility, etc by Harendra Singh
250 ## - EDITION STATEMENT
Edition statement 1
260 ## - PUBLICATION, DISTRIBUTION, ETC. (IMPRINT)
Place of publication, distribution, etc Delhi
Name of publisher, distributor, etc Prakashan Kendra
Date of publication, distribution, etc 2021
270 ## - ADDRESS
Address 1/11955,First Floor, Road N0-65,Subhas Marg,Shahdara
City Delhi
Postal code 110032
300 ## - PHYSICAL DESCRIPTION
Extent 240p. :
Other physical details 22cm(Hb)
500 ## - GENERAL NOTE
General note Includes index
942 ## - ADDED ENTRY ELEMENTS (KOHA)
Source of classification or shelving scheme Dewey Decimal Classification
Item type English Books
Classification part 641.405
Call number suffix HAR
Holdings
Withdrawn status Lost status Not for loan Collection code Home library Current library Date acquired Source of acquisition Cost, normal purchase price Full call number Barcode Copy number Cost, replacement price Koha item type
      Non-fiction Ashok Vihar Ashok Vihar 08/01/2025 Delivery of Books Division 1100.00 641.405 HAR EN-126768 1 1100.00 English Books

© Delhi Public Library
Hit Counter
free hit counter